Degrassi TNG characters by picture - Statistics

General Stats
  • This quiz has been taken 89 times
  • The average score is 13 of 14
Answer Stats
Picture Answer % Correct
Emma
97%
JT
96%
Manny
96%
Paige
95%
Craig
93%
Spinner
93%
Jimmy
92%
Liberty
92%
Marco
92%
Sean
92%
Toby
91%
Ellie
88%
Ashley
86%
Terri
82%
No matching quizzes found
Score Distribution
Percent of People with Each Score
Percentile by Number Answered
Your Score History
You have not taken this quiz